[Event "Admont 4 Lands (Women)"]
[Site "Admont"]
[Date "2017.06.04"]
[Round "2.4"]
[White "Bauer, Valentina"]
[Black "Riegler, Katharina"]
[Result "1/2-1/2"]
[WhiteElo "1794"]
[BlackElo "1476"]
[PlyCount "48"]
[EventDate "2017.06.03"]
[EventType "team-tourn"]
[EventRounds "3"]
[EventCountry "AUT"]
[SourceTitle "EXT 2020"]
[Source "ChessBase"]
[SourceDate "2019.10.17"]
[SourceVersion "1"]
[SourceVersionDate "2019.10.17"]
[SourceQuality "1"]
[WhiteTeam "Burgenland (W)"]
[BlackTeam "Oberoesterreich (W)"]
[WhiteTeamCountry "AUT"]
[BlackTeamCountry "AUT"]

1. e4 c6 2. d4 d5 3. Nc3 Nd7 4. exd5 cxd5 5. Nxd5 e6 6. Nc3 Ngf6 7. Nf3 Be7 8. Bc4 0-0 9. 0-0 Nb6 10. Bb3 Bd7 11. Bf4 Bc6 12. Ne5 Bd5 13. Nxd5 Nbxd5 14. Bg3 g6 15. Ng4 h5 16. Nxf6+ Bxf6 17. Be5 Bxe5 18. dxe5 Nb4 19. Qxd8 Rfxd8 20. Rfd1 Rac8 21. Rxd8+ Rxd8 22. a3 Nc6 23. f4 Rd2 24. Rf1 Nd4 1/2-1/2